[Event "EU-ch 4th"]
[Site "Istanbul"]
[Date "2003.06.08"]
[Round "9"]
[White "Atalik, Suat"]
[Black "Dizdarevic, Emir"]
[Result "1-0"]
[WhiteElo "2568"]
[BlackElo "2491"]
[Annotator "Atalik,S"]
[PlyCount "77"]
[EventDate "2003.05.30"]
[EventType "swiss"]
[EventRounds "13"]
[EventCountry "TUR"]
[SourceTitle "CBM 096"]
[Source "ChessBase"]
[SourceDate "2003.09.25"]
[SourceVersion "1"]
[SourceVersionDate "2003.09.25"]
[SourceQuality "1"]

1. d4 e6 2. c4 Bb4+ 3. Bd2 Qe7 4. g3 Bxd2+ (4... Nf6 $142 5. Nf3 ({or} 5. Bg2
Nc6 6. e3 $5) 5... Nc6 6. Nc3) 5. Qxd2 Nf6 6. Bg2 d6 7. Nc3 O-O 8. Nf3 c5 $6 {
A dubious line.} 9. dxc5 $1 dxc5 10. Ne5 $1 $16 {White is clearly better.} (10.
O-O-O b6 $1 {is black's idea.}) 10... Nfd7 $146 ({White is better in both
cases.} 10... Rd8 11. Qe3 $16) (10... Qc7 11. Qf4 $1 $16) 11. Nxd7 Nxd7 12. O-O
Nf6 13. Rfd1 {White has the only open file in the game, and the difference
between Bg2 and Bc8 is significant.} e5 $6 {Very anti-positional.} (13... Rb8
14. Nb5 a6 15. Nd6 $16) 14. Qe3 $1 {The threat is to win a pawn by 15.Nd5.} Ng4
15. Nd5 Qd6 16. Qa3 $1 a5 17. h3 Nh6 18. g4 $2 {I have decided that there is
no danger after the text due to accurate calculation I have made, though it is
absolutely unnecessary to commit a weakness in the kingside.} (18. Nf4 Qa6 19.
Nd3 $18) 18... Kh8 19. Ne3 Qe7 20. Nd5 Qd6 21. Nf4 Qe7 22. Nd3 f5 23. gxf5 Bxf5
24. Nxc5 Rac8 25. Nxb7 Qxa3 26. bxa3 Rxc4 {Now black is in bad shape but it is
not that easy to convert the advantage for white.} 27. Rac1 $1 (27. Nd6 Ra4 28.
Rd5 $16) 27... Rh4 28. Rc3 $5 $16 ({White can not win by straightforward means.
} 28. Rd8 Rxd8 29. Nxd8 g6 (29... Bxh3 $2 30. Bxh3 Rxh3 31. Nf7+ $1 Kg8 32. Ng5
$18) 30. Rc5 Bxh3 31. Bxh3 Rxh3 32. Rxa5 $16) 28... a4 29. Rd2 Nf7 30. Nc5 Ng5
31. Kh2 Rc8 $4 {This is a horrible mistake.} (31... Rf4 32. Kg3 h5 33. f3 (33.
e3 $2 h4+ 34. Kh2 Nf3+ 35. Bxf3 Rxf3 36. Nxa4 Rxh3+ 37. Kg2 Rf6 $17) 33... Rd4
34. Rb2 h4+ 35. Kh2 Kg8 36. Rb4 Rd2 37. Re3 Bxh3 38. Rxh4 Bxg2 39. Kxg2 Rf4 40.
Kg3 Rxh4 41. Kxh4 Nf7 42. Kg4 Nh6+ 43. Kg5 $18) 32. Nxa4 $4 {Low on time as
well I was satisfied to win a pawn instead of a piece. Predrag who was
watching the game was horrified at this very moment.} (32. Ne6 $18) (32. Ne4
Nf7 33. Rxc8+ Bxc8 34. Ng5 Kg8 35. Bd5 $18) 32... Re8 33. Nc5 $18 {The a pawn
is very strong.} Rd4 34. Rb2 h6 35. a4 Rc8 36. a5 e4 37. a6 Ra8 38. Ra3 Rc4 39.
Ra5 {No holds are barred for the mighty a pawn.} 1-0

[Event "EU-ch 2nd"]
[Site "Ohrid"]
[Date "2001.06.09"]
[Round "8"]
[White "Tregubov, Pavel V"]
[Black "Atalik, Suat"]
[Result "1-0"]
[WhiteElo "2628"]
[BlackElo "2537"]
[Annotator "Atalik,S"]
[PlyCount "85"]
[EventDate "2001.06.01"]
[EventType "swiss"]
[EventRounds "13"]
[EventCountry "YUG"]
[SourceTitle "CBM 084"]
[Source "ChessBase"]
[SourceDate "2001.09.13"]
[SourceVersion "1"]
[SourceVersionDate "2001.09.13"]
[SourceQuality "1"]

1. d4 Nf6 2. c4 e6 3. Nf3 Bb4+ 4. Bd2 c5 $5 {This idea is always recalled with
the late Latvian IM Vitolinsh.} 5. Bxb4 cxb4 6. g3 O-O 7. Bg2 d6 8. O-O Nc6 9.
Nbd2 Re8 10. Qc2 a5 ({There is nothing wrong with} 10... e5 11. e3 (11. d5 $6
Nb8 12. c5 dxc5 13. Qxc5 Na6 $15) 11... exd4 12. Nxd4 Nxd4 13. exd4 $14) 11.
Rfd1 Bd7 12. Rac1 h6 13. e3 Rc8 14. Ne4 Nxe4 15. Qxe4 Ne7 16. Qd3 Ba4 $1 {
Black is rightfully trying to provocate weaknesse in his opponents camp.} 17.
Re1 (17. b3 Bc6 18. e4 Ng6 $13) 17... Qb6 $6 {A timid approach to the
situation.} (17... b5 18. c5 dxc5 19. b3 c4 20. Qb1 cxb3 21. axb3 Nd5 22. Rxc8
Qxc8 23. bxa4 bxa4 $44) 18. e4 Ng6 19. h4 e5 20. b3 Bc6 $2 {After this black
goes down.} (20... Bd7 21. dxe5 Nxe5 22. Nxe5 Rxe5 23. Rcd1 Rc6 $14) 21. Bh3
Rcd8 22. d5 Bd7 23. Bxd7 Rxd7 24. h5 Nf8 25. Nh4 Nh7 26. Nf5 Nf6 27. Qf3 Kh7
28. g4 Rc8 $8 {These are all forced,but now white misses his chance.} 29. Kh1
$2 (29. Nxh6 Kxh6 30. Qf5 Nxg4 31. Qxg4 Qd8 32. Kh1 (32. Re3 $6 Qg5 33. Qxg5+
Kxg5 34. Rg3+ Kh6 $11) 32... Rdc7 33. Rg1 Qf6 34. Rg3 Rg8 $14) (29. g5 hxg5 30.
Nxg7 Qd8 (30... Nxe4 $2 31. Nf5 Nc5 32. Ne7 $3 Rxe7 33. Qf5+ $18) 31. Nf5 (31.
h6 $6 Ng8 32. Nf5 Qf6 33. Kg2 Ne7 34. Nxe7 Qxf3+ 35. Kxf3 Rxe7 36. Rh1 f6 37.
Kg4 Kg6 38. h7 Rh8 39. c5 dxc5 40. Rxc5 b6 41. Rc6 Rexh7 $13) 31... Rdc7 $14)
29... Qd8 30. Qg3 (30. Rg1 Ng8) 30... g6 $1 {Black is getting better.} 31.
hxg6+ fxg6 32. Nh4 Rf7 33. Kg2 Nd7 34. Rh1 Rf4 $4 {This is incredible,I have
seen that Nf5 maybe the threat but I completely forget that it is still
working after 34...Rf4.} (34... Qg5 35. Nf3 Qf4 ({The exchange sac should be
considered.} 35... Rxf3 36. Qxf3 Rf8 37. Qg3 (37. Qe2 Rf4 38. f3 Nc5 39. Kg3
Kg7 $44) 37... Rf4 38. f3 Nc5 $44) 36. Qxf4 (36. g5 h5 37. Rce1 $11) 36... Rxf4
37. Ng5+ Kg8 38. Ne6 Rxg4+ 39. Kf1 Nf8 (39... Rxe4 40. f3 Re3 41. Kf2 Rc3 42.
Rcg1 Nf8 43. Rxh6 Kf7 44. Nxf8 Rxf8 45. Rgxg6 Ke7 46. Rh7+ Rf7 47. Rxf7+ Kxf7
48. Rxd6 Rc2+ 49. Ke3 Rxa2 50. Rd7+ Kf6 51. Rxb7 Rc2 $44) 40. f3 Rg3 41. Kf2
Nxe6 42. Kxg3 Nf4 43. Rc2 h5 $44) (34... Qf6 $142 $1 {After this white is
slightly worse.} 35. Nf3 (35. g5 Qf4 36. Qxf4 Rxf4 37. gxh6 Rxe4 38. Nf3 Rg4+
39. Kh3 Nf6 40. c5 Kxh6 41. cxd6 Rh8 42. Rc7 e4 (42... g5 $2 43. Nxe5 $18) 43.
Rg1 Rxg1 44. Nxg1 Rd8 45. Re7 Nxd5 46. Rxe4 Rxd6 $17) 35... g5 36. Rh5 Rg8 $1 (
36... Kg7 $2 37. Rch1 Rh8 38. Nxg5) 37. Rch1 Rg6 38. Nd2 (38. Qh3 Kg7) 38...
Nc5 (38... Qf4 $2 39. Qxf4 Rxf4 40. f3 Nc5 41. Nf1 Nd3 42. Ne3 Rff6 43. R5h2
Nf4+ 44. Kg3 b6 45. Nf5 Nd3 46. Ra1 Rg8 47. Rd2 Nf4 48. a3 bxa3 49. Rxa3 $14)
39. f3 Nd3 40. R5h2 b6 41. Kf1 Qf4 42. Qxf4 exf4 43. Ke2 Ne5 $15) 35. Nf5 $1
$18 Qg5 $2 {Not the most resilient.} (35... gxf5 $2 36. Rxh6+ Kxh6 37. Rh1+ Kg7
38. gxf5+ $18 {just mates.}) (35... h5 $1 36. Nxd6 Nf6 37. Nf7 Qe7 38. Ng5+ Kg8
(38... Kh6 39. f3 Nxd5 40. cxd5 Rxc1 41. Rxc1 Qxg5 42. gxh5 Qxg3+ 43. Kxg3 $18)
39. f3 hxg4 40. Ne6 gxf3+ 41. Kf1 Rg4 42. Qh3 (42. Qxf3 $2 Rc6 $3 43. Qh3 Rxe6
44. dxe6 Qxe6 45. Qh8+ Kf7 $17) 42... Qh7 43. Qxf3 Rg3 (43... Qf7 44. Ke2 Rxe4+
45. Kd1 Rg4 46. Rf1 $18) 44. Rxh7 Rxf3+ 45. Ke2 Nxh7 46. Kxf3 $18) 36. Rxh6+
Kg8 37. Rxg6+ (37. Rch1 $2 gxf5 38. Rh8+ Kf7 39. R1h5 Rxg4 $17) 37... Qxg6 38.
Ne7+ Kg7 39. Nxg6 Kxg6 40. Rh1 {Now it is totally gone.} Nf6 41. f3 Kf7 42. Rh6
Rg8 43. g5 1-0

[Event "Vojvodina op 9th"]
[Site "Novi Sad"]
[Date "2018.07.24"]
[Round "4"]
[White "Atalik, Suat"]
[Black "Rogac, Srdjan"]
[Result "1-0"]
[WhiteElo "2509"]
[BlackElo "2317"]
[Annotator "Atalik,S"]
[PlyCount "77"]
[EventDate "2018.07.22"]
[EventType "swiss"]
[EventRounds "9"]
[EventCountry "YUG"]
[SourceTitle "CBM 186"]
[Source "ChessBase"]
[SourceDate "2018.09.14"]
[SourceVersion "1"]
[SourceVersionDate "2018.09.14"]
[SourceQuality "1"]

1. d4 Nf6 2. c4 e6 3. Nf3 Bb4+ 4. Nbd2 d5 $5 (4... b6 5. a3 Bxd2+ 6. Qxd2 Bb7
7. e3 O-O 8. Bd3 $5) 5. Qa4+ Nc6 6. a3 Be7 {Spassky liked it.} (6... Bxd2+ 7.
Bxd2 Ne4 {what Kurajica likes.} 8. Rd1 $1 (8. Bf4 g5)) 7. e3 O-O 8. Qc2 a5 9.
Bd3 $5 (9. b3 Nb8 10. Bb2 b6 11. Bd3 Bb7 12. O-O Nbd7 13. Ne5 $40) 9... b6 $6 {
It is not clear if this is a sacrifice or rather a blunder.} (9... a4 10. cxd5
exd5 11. Nb1 Bd7 12. Nc3 $13) 10. cxd5 Qxd5 11. e4 Qd7 (11... Nxd4 12. exd5
Nxc2+ 13. Bxc2 exd5 $16) 12. e5 Nd5 13. Bxh7+ Kh8 14. Bd3 $5 (14. Ne4 Ba6 $1 (
14... g6 15. Qd2)) (14. Be4) 14... f5 (14... Nf4 15. Be4 Bb7 16. g3) 15. Bb5 $1
{Nuance!} (15. exf6 $2 Bxf6 16. Bb5 Ncb4 17. Qa4 Nd3+ 18. Kf1 Qxb5 19. Qxb5 Ba6
20. Qxa6 Rxa6 $44) 15... Ncb4 16. Qa4 c6 (16... Nd3+ 17. Kf1 Qxb5 18. Qxb5 Ba6
19. Qxa6 Rxa6 20. g3 $16) 17. Bf1 $1 {Saving the d1-h5 diagonal for the queen.}
Bb7 18. Qd1 Na6 19. Nc4 (19. h4 $5) 19... c5 20. h4 $1 (20. Bg5) (20. Ng5 {
are alternatives.}) 20... g6 (20... Qe8 21. Ng5 cxd4 22. Nd6 $1 (22. Nxe6 $2
Bb4+ 23. axb4 Qxe6) 22... Bxd6 23. Bb5 Qg6 24. h5 Qh6 25. Nf7+ Rxf7 26. Bxh6
Bxe5 27. Bg5 $18) 21. Bh6 Rf7 22. Ng5 Bxg5 23. Bxg5 cxd4 24. Nd6 Rh7 25. Qxd4
$18 Nc5 26. Rh3 Bc6 27. Bc4 a4 28. Bxd5 Bxd5 29. Bf6+ Kg8 30. Rg3 Rh6 31. Rd1 (
31. h5 $142) 31... Kh7 32. Qb4 $1 Qc7 33. Nb5 $5 {Heading for f4 via e2.} (33.
Nxf5 $2 gxf5 34. Rg7+ Qxg7 35. Bxg7 Kxg7 36. Qxb6 Rc8 $1 {only move, but it
holds everything together.}) 33... Qb7 34. f3 Rf8 35. Nc3 Bc6 36. Qd4 Nd7 37.
Qd6 $1 Re8 38. Bg5 Rh5 39. Ne2 {Just wins the exchange as well.} 1-0

[Event "Bundesliga 0405"]
[Site "Germany"]
[Date "2004.12.12"]
[Round "6.4"]
[White "Handke, Florian"]
[Black "Reuss, Andreas"]
[Result "1-0"]
[WhiteElo "2467"]
[BlackElo "2356"]
[Annotator "Atlas,V"]
[PlyCount "37"]
[EventDate "2004.11.12"]
[EventType "team-tourn"]
[EventRounds "15"]
[EventCountry "GER"]
[SourceTitle "CBM 105"]
[Source "ChessBase"]
[SourceDate "2005.04.11"]
[SourceVersion "1"]
[SourceVersionDate "2005.04.11"]
[SourceQuality "1"]
[WhiteTeam "Wattenscheid"]
[BlackTeam "Stuttgart"]
[WhiteTeamCountry "GER"]
[BlackTeamCountry "GER"]

1. d4 d5 2. c4 e6 3. Nf3 Nf6 4. g3 Bb4+ 5. Bd2 Bxd2+ 6. Nbxd2 b6 7. Qa4+ c6 8.
Bg2 O-O 9. Qc2 Nbd7 10. O-O Bb7 11. Rfd1 c5 12. cxd5 exd5 13. dxc5 bxc5 14. e4
d4 15. e5 Nd5 16. a3 h6 17. Nc4 Bc6 18. Qd2 a5 $4 ({Amazing carelessness!
Correct was Überraschende Sorglosigkeit! Korrekt war} 18... N5b6 {, with equal
chances. mit gleichen Chancen.}) {[%tqu "En","Black's last move was a serious
mistake. How would you prove it?","Exploit the shaky position of Black's minor
pieces.","Sacrifice your knight!","f3d4","After this elegant move White
obtains a decisive material advantage.",4,"De","Der letzte schwarze Zug war
ein ernster Fehlgriff. Wie würden Sie dies nachweisen?","Nutzen Sie die
unsichere Stellung der schwarzen Leichtfiguren aus.","Opfern Sie Ihren
Springer!","f3d4","Nach dieser eleganten Wendung erhält Weiß entscheidenden
Materialvorteil.",4]} 19. Nxd4 $1 {[%csl Rc6,Gd1,Gd2,Rd5,Rd7,Gg2][%cal Gd1d7,
Gg2c6]} (19. Nxd4 $1 {After this sacrifice Black loses two pawns without any
compensation: Nach diesem Opfer verliert Schwarz zwei Bauern ohne jegliche
Kompensation:} cxd4 20. Qxd4 Ne7 (20... N7b6 21. Nxb6 Qxb6 22. Qxb6 Nxb6 23.
Bxc6) 21. Bxc6 Nxc6 22. Qxd7 {, winning. und gewinnt.}) 1-0

[Event "SCG-ch 2nd"]
[Site "Pancevo"]
[Date "2006.03.11"]
[Round "12"]
[White "Antic, Dejan"]
[Black "Perunovic, Milos"]
[Result "0-1"]
[WhiteElo "2505"]
[BlackElo "2508"]
[Annotator "Atlas,V"]
[PlyCount "82"]
[EventDate "2006.02.27"]
[EventType "tourn"]
[EventRounds "13"]
[EventCountry "YUG"]
[EventCategory "11"]
[SourceTitle "CBM 112"]
[Source "ChessBase"]
[SourceDate "2006.06.07"]
[SourceVersion "1"]
[SourceVersionDate "2006.06.07"]
[SourceQuality "1"]

1. d4 Nf6 2. c4 e6 3. Nf3 Bb4+ 4. Bd2 c5 5. Bxb4 cxb4 6. g3 O-O 7. Bg2 d6 8. a3
Nc6 9. O-O bxa3 10. Nxa3 Qe7 11. Nb5 Bd7 12. d5 exd5 13. Nc7 Rac8 14. Nxd5 Qd8
15. Nd4 a6 16. Ne3 Qb6 17. Ndf5 Rcd8 18. Qd2 Be6 19. Qc3 Rfe8 20. Rad1 Qc5 21.
Nd4 Nxd4 22. Qxd4 b5 23. cxb5 Qxb5 24. Rd2 h6 25. Rc1 d5 26. h3 Ne4 27. Rdc2
Rb8 28. g4 Qa5 29. Bxe4 dxe4 30. Rc5 Qb6 31. R1c2 Rbd8 32. Qc3 Qd6 33. Qe5 Qb6
34. Rc6 Qb4 35. Qc3 Qe7 36. Rxa6 Qh4 37. Kg2 h5 38. Nf5 $4 ({After this
blunder Black's attack becomes irresistible. Correct was} 38. Qc7 {, with
equal chances.}) 38... Bxf5 39. gxf5 {[%tqu "En","White is a pawn up, but his
pieces are too far away from their king. How should Black continue his
attack?","Disclose the enemy king even more!","The energetic pawn makes
Black's attack irresisitble...","e4e3","After this powerful blow White's
position is defenseless.",4]} e3 $1 {[%csl Ge3,Rf2,Rg2,Gh4] This nice move
convincingly refutes White's careless play.} 40. fxe3 ({Or} 40. f3 Qf2+ 41. Kh1
Rd1+) (40. Qe1 {fails to} Qe4+) 40... Qg5+ 41. Kf3 ({Or} 41. Kf2 Rd1 {, with
inevitable mate.}) 41... h4 {, and White resigned in view of inevitable mate.}
0-1

[Event "AUT-chT 9900"]
[Site "Austria"]
[Date "2000.01.15"]
[Round "7.2"]
[White "Lehner, Oliver"]
[Black "Atlas, Valeri"]
[Result "1/2-1/2"]
[WhiteElo "2401"]
[BlackElo "2465"]
[Annotator "Atlas,V"]
[PlyCount "90"]
[EventDate "1999.10.22"]
[EventType "team-tourn"]
[EventRounds "11"]
[EventCountry "AUT"]
[SourceTitle "EXT 2001"]
[Source "ChessBase"]
[SourceDate "2000.11.22"]
[SourceVersion "1"]
[SourceVersionDate "2000.11.22"]
[SourceQuality "1"]
[WhiteTeam "Melk-Wachau SK NOE"]
[BlackTeam "Hohenems SK"]
[WhiteTeamCountry "AUT"]
[BlackTeamCountry "AUT"]

1. d4 Nf6 2. c4 e6 3. g3 Bb4+ 4. Bd2 Be7 5. Bg2 d5 6. Nf3 O-O 7. Qc2 c6 8. O-O
b6 9. Bf4 Ba6 10. Nbd2 Nbd7 11. Rfe1 ({White has a vast choice of option here:
} 11. Ne5 Nxe5 12. Bxe5 Ng4 13. Bf4 g5 14. Be3 f5 15. Qa4 Bb7 16. Nf3 Nxe3 17.
fxe3 Bf6 18. Rfd1 Qd6 19. Rac1 h5 20. c5 Qc7 21. Rc3 b5 22. Qc2 a5 23. Qd2 Kg7
24. Rcc1 Kg6 25. Kf2 h4 26. Rg1 hxg3+ 27. hxg3 Rh8 28. Rh1 b4 29. Rxh8 Rxh8 30.
Rh1 Rxh1 31. Bxh1 Ba6 {0-1 Rocher,O-Makarov,M/Vilnius 1995/CBM 50 ext (37)}) (
11. Rac1 Nh5 12. Be3 Bb7 13. cxd5 exd5 14. Qf5 g6 15. Qd3 a5 16. Rfe1 Re8 17.
Bh6 c5 18. b3 Bf6 19. e3 Ng7 20. h4 Ne6 21. Nb1 a4 22. Red1 axb3 23. axb3 Qe7
24. Nc3 cxd4 {1/2-1/2 Cifuentes Parada,R-Vehi Bach,V/It, Ampuriabrava ESP 1997
(36)}) (11. Rfc1 Nh5 12. Be5 Bb7 13. cxd5 Nxe5 14. Nxe5 cxd5 15. Qc7 Rb8 16.
Qxd8 Rfxd8 17. Nc6 Bxc6 18. Rxc6 Rbc8 19. Rac1 Rxc6 20. Rxc6 Bd6 21. f4 Nf6 22.
h3 Kf8 23. e3 Ke7 {1/2-1/2 Kachiani Gersinska,K-Kiselev,S/Helsinki 1992/CBM 32
(67)}) (11. e4 Nxe4 12. Nxe4 dxe4 13. Ne5 Nxe5 14. dxe5 Qd3 15. Rac1 Qxc2 16.
Rxc2 Rad8 17. Be3 Rd7 18. Bxe4 c5 19. Rfc1 Rfd8 20. Kf1 h5 21. Bc6 Rc7 22. Bf3
g6 23. a4 Bb7 24. Bxb7 Rxb7 25. a5 Kf8 26. Ra1 Ke8 {1/2-1/2 Burmakin,V-Landa,K/
Cup Russia, Perm (Russia) 1998 (36)}) (11. Rfd1 Nh5 12. Be3 Rc8 13. Ne5 Nhf6
14. Qa4 Nb8 15. Rac1 b5 16. cxb5 cxb5 17. Qb3 Qb6 18. f3 b4 19. Bf1 Bb5 20. Bf2
Qa5 21. Re1 Nbd7 22. e4 Bxf1 23. Kxf1 dxe4 24. Nxd7 Qb5+ 25. Kg1 Qxd7 26. fxe4
a5 {1/2-1/2 Filippov,V-Landa,K/Kazan 1995/CBM 51 (43)}) 11... Nh5 12. cxd5 Nxf4
13. gxf4 cxd5 14. f5 ({A novelty. After} 14. Qa4 Bb7 15. e3 a6 16. Qb3 Nf6 17.
Rac1 Qd6 18. Rc2 Rfc8 19. Rec1 Ne8 20. Rxc8 Rxc8 21. Rxc8 Bxc8 22. Qc2 Qc7 23.
Qxc7 Nxc7 24. Ne5 Kf8 25. Bf1 f6 26. Nef3 h6 {Black has a slight advnatage,
Marszalek,R-Kharitonov,A/Moscow 1992/EXT 97 (58)}) 14... Qc8 $1 {[%cal Gc8e6,
Gc8c2]} 15. Qb3 $6 {After this move Black has better chances.} (15. Qxc8 $5 {
was to be preferred:} Raxc8 16. fxe6 (16. Bh3 exf5 17. Bxf5 Rc7) 16... fxe6 17.
Bh3 Kf7 18. e4 Bb7 {, with unclear play.}) 15... exf5 $1 $15 {The strongest
continuation. All other moves yield White a durable advantage.} 16. Qxd5 Nf6
17. Qe5 Qd7 $1 {[%cal Ga8e8,Ge8e2,Ga6e2,Ge7b4,Gb4e1]} 18. e4 (18. Nh4 {is
strongly met by} Rae8 $17 19. Nxf5 (19. Qxf5 Qxf5 20. Nxf5 Bb4 $19) 19... Bb4
$19) 18... fxe4 19. Nxe4 Rae8 (19... Bb7 $5 $15 {was another good option here.}
) 20. Nc3 Bb7 21. Qg3 $6 Bxf3 $1 22. Bxf3 Qxd4 23. Rad1 Qb4 24. Re2 Bc5 25.
Red2 Re6 $1 {Black has to make series of precise moves to neutralize White's
initiative.} 26. Kh1 Rfe8 27. a3 Qb3 28. Nd5 Nxd5 $2 ({A time-trouble mistake,
allowing White to escape. The strongest continuation} 28... Qc4 $1 {allowed
Black to retain winning chances:} 29. Rg1 (29. Nc7 $2 Re1+ 30. Rxe1 Rxe1+ 31.
Kg2 Qf1#) 29... g6 (29... Bf8 30. Nc7) 30. b4 (30. Nc7 Ne4 31. Bxe4 Qxe4+ 32.
f3 Qe1 $1 $17) 30... Bf8 31. Nc7 Bh6 $1 {/\Bf4} 32. Nxe8 Bxd2 33. Nxf6+ Rxf6
$17) 29. Bxd5 Qxg3 30. hxg3 Re2 31. Kg2 a5 32. Bc4 Rxd2 33. Rxd2 g6 34. Rd7 {
[%csl Rf7][%cal Gc4f7,Gd7f7] Despite the extra pawn, Black has no chance to
win this ending, as he cannot improve a passive position of his rook and king.}
Rf8 35. a4 Kg7 36. g4 h6 37. f4 Kf6 38. Kf3 Kg7 39. g5 hxg5 40. fxg5 Bb4 41. b3
Bc5 42. Bd5 Ba3 43. Kg4 Bc1 44. Bc4 Be3 45. Re7 Bc5 1/2-1/2